A political history of the special impact program /

Bibliographic Details
Main Author: Parachini, Lawrence F.
Format: Book
Language:English
Published: Cambridge, Mass. : Center for Community Economic Development, [1980]
Subjects:

MARC

Tag First Indicator Second Indicator Subfields
LEADER 00000cam a2200000 a 4500
001 in00000086779
005 20151008062747.0
008 810629s1980 mau b 00110 eng d
010 |a  79055820  
035 |a (OCoLC)07537715 
035 |9 AAK0880AM 
040 |a EEM  |c EEM  |d TXA  |d UtOrBLW 
043 |a n-us--- 
049 |a TXAM  |c [1655860] 
090 |a HN90 C6  |b  P37 
100 1 |a Parachini, Lawrence F. 
245 1 2 |a A political history of the special impact program /  |c Lawrence F. Parachini, Jr. 
264 1 |a Cambridge, Mass. :  |b Center for Community Economic Development,  |c [1980] 
264 4 |c ©1980 
300 |a xii, 217 pages ;  |c 24 cm. 
336 |a text  |b txt  |2 rdacontent 
337 |a unmediated  |b n  |2 rdamedia 
338 |a volume  |b nc  |2 rdacarrier 
500 |a Includes index. 
504 |a Bibliography: pages 203-211. 
650 0 |a Community development corporations  |z United States. 
650 0 |a Community development, Urban  |z United States. 
650 0 |a Federal aid to community development  |z United States. 
999 |a MARS 
999 f f |s 7cd1680b-3dc6-3af0-b970-8caed8553cba  |i 95bf2f60-b4c8-300a-8a72-523e2cec1eef  |t 0 
952 f f |p ric  |a Texas A&M University  |b Rellis Campus  |c Joint Library Facility  |d Remote Storage  |t 0  |e HN90 C6 P37  |h Library of Congress classification  |i unmediated -- volume  |m A14805981931 
998 f f |a HN90 C6 P37  |t 0  |l Remote Storage